Greek Gods and Goddesses of the Underworld and Darkness (Hard) - Statistics

General Stats
  • This quiz has been taken 82 times
  • The average score is 9 of 14
Answer Stats
Hint Answer % Correct
God of the Underworld Hades
100%
Queen of the Undworld, Goddess of Springtime Persephone
98%
The Earth Mother Gaia
89%
God of Sleep Hypnos
89%
Goddess of the Night Nyx
89%
God of Death Thanatos
86%
The First Primordial God Chaos
80%
Goddess of Dark Magic Hecate
70%
Spirit of the Pit Tartarus
67%
Goddess of Strife Eris
61%
Goddess of Misery and Poisons Akhlys
21%
Goddess of Old Age Geras
20%
Goddess in Charge of Ghosts and Nightmares Melinoe
15%
Goddess of Peaceful Deaths Makaria
8%
No matching quizzes found
Score Distribution
Percent of People with Each Score
Percentile by Number Answered
Your Score History
You have not taken this quiz